Statistics for Toronto Raptors 1 round pick since 2000

Click here to take the quiz!

General Stats

  • This quiz has been taken 57 times
  • The average score is 5 of 17

Answer Stats

Year Pick Player % Correct
20099DeRozan
81%
20034Bosh
71%
201627Siakam
65%
20061Bargnani
56%
20115Valanciunas
48%
20128Ross
46%
20169Poetl
27%
201520Wright
25%
201013Davis
19%
200021Peterson
17%
200516Graham
6%
20048Araujo
6%
20057Villanueva
4%
200117Bradley
4%
200817Hibbert
4%
200220Rush
2%
201420Cabcolo
0%

Score Distribution

Percentile by Number Answered

Percent of People with Each Score

Your Score History

You have not taken this quiz